2011 St. Louis Cardinals - Statistics

General Stats
  • This quiz has been taken 879 times
    876 since last reset
  • The average score is 12 of 26
Answer Stats
Position Player % Correct
1B Albert Pujols
92%
C Yadier Molina
92%
SP Chris Carpenter
89%
3B David Freese
84%
Manager Tony LaRussa
76%
OF Lance Berkman
64%
OF Jon Jay
62%
OF Matt Holliday
62%
RP Jason Motte
61%
OF Allen Craig
56%
SS Rafael Furcal
55%
SP Jaime Garcia
50%
SP Kyle Lohse
39%
3B Daniel Descalso
38%
2B Skip Schumaker
35%
SS Ryan Theriot
31%
SP Jake Westbrook
30%
SP Edwin Jackson
27%
2B Nick Punto
27%
RP Octavio Dotel
25%
C Gerald Laird
23%
RP Fernando Salas
21%
RP Mitchell Boggs
21%
OF Adron Chambers
20%
RP Arthur Rhodes
15%
RP Marc Rzepczynski
13%
No matching quizzes found
Score Distribution
Percent of People with Each Score
Percentile by Number Answered
Your Score History
You have not taken this quiz since the last reset